[Event "Top16 Chalons"]
[Site "Chalons en Champagne"]
[Date "2009.05.2"]
[Round "6.4"]
[White "Elbilia, Jacques"]
[Black "Hamdouchi, Hicham"]
[Result "0-1"]
[WhiteElo "2402"]
[BlackElo "2596"]
[WhiteTeam "Metz Fischer"]
[BlackTeam "Montpellier"]

1. d4 Nf6 2. c4 e6 3. Nf3 c5 4. d5 exd5 5. cxd5 d6 6. Nc3 g6 7. h3 Bg7 8. Bf4
O-O 9. e3 Na6 10. Bc4 Nc7 11. O-O b5 12. Nxb5 Nxb5 13. Bxb5 Rb8 14. a4 a6 15.
Bc6 Ne4 16. Ra2 g5 17. Bh2 g4 18. hxg4 Bxg4 19. Qd3 Rb4 20. Nd2 Bf5 21. Nxe4
Bxe4 22. Qe2 Qg5 23. f3 Bxd5 24. Bxd5 Qxd5 25. b3 Qe6 26. e4 d5 27. exd5 Qxd5
28. Qxa6 Qxb3 29. Qe2 Rxa4 30. Rc2 c4 31. Bg3 c3 32. Rfc1 Rc4 33. Bf2 Rcc8 34.
Qd3 Rfd8 35. Qf5 Qc4 36. Re1 Re8 37. Rxe8+ Rxe8 38. g4 Re5 39. Qd7 h5 0-1

[Event "Top16 Chalons"]
[Site "Chalons en Champagne"]
[Date "2009.05.2"]
[Round "6.5"]
[White "Kosten, Anthony C."]
[Black "Koch, Jean-Rene"]
[Result "1/2-1/2"]
[WhiteElo "2513"]
[BlackElo "2453"]
[WhiteTeam "Montpellier"]
[BlackTeam "Metz Fischer"]

1. Nf3 d5 2. c4 e6 3. e3 Nf6 4. Nc3 Be7 5. b3 O-O 6. Bb2 b6 7. d4 Bb7 8. Bd3 c5
9. O-O cxd4 10. exd4 Nc6 11. a3 Rc8 12. Rc1 Re8 13. Re1 Bf8 14. cxd5 exd5 15.
Rxe8 Qxe8 16. Bf5 Rd8 17. Qc2 g6 18. Bd3 Rc8 19. Re1 Qd8 20. Qd1 Na5 21. h3 a6
22. Ne5 b5 23. Nb1 Ne4 24. f3 Nf6 25. Nd2 1/2-1/2

[Event "Top16 Chalons"]
[Site "Chalons en Champagne"]
[Date "2009.05.2"]
[Round "6.6"]
[White "Pucher, Olivier"]
[Black "Libiszewski, Fabien"]
[Result "1/2-1/2"]
[WhiteElo "2313"]
[BlackElo "2505"]
[WhiteTeam "Metz Fischer"]
[BlackTeam "Montpellier"]

1. d4 Nf6 2. c4 g6 3. Nc3 Bg7 4. e4 d6 5. Be2 O-O 6. Nf3 e5 7. O-O Nbd7 8. Re1
h6 9. Qc2 Nh7 10. dxe5 dxe5 11. Be3 c6 12. Rad1 Qe7 13. Qc1 h5 14. c5 Re8 15.
b4 Ndf8 16. Nd2 Ne6 17. Nc4 Nd4 18. Bf1 Rd8 19. Nd6 a5 20. b5 Be6 21. f4 b6 22.
bxc6 bxc5 23. Nb7 exf4 24. Bxf4 Nxc6 25. Nxd8 Rxd8 26. Rxd8+ Qxd8 27. e5 g5 28.
Bg3 h4 29. Bf2 Nxe5 30. Bxc5 Ng4 31. Nb5 Qb8 32. Bd6 Bd4+ 33. Kh1 Nf2+ 34. Kg1
Nh3+ 35. Kh1 Nf2+ 1/2-1/2

[Event "Top16 Chalons"]
[Site "Chalons en Champagne"]
[Date "2009.05.2"]
[Round "6.7"]
[White "Flear, Glenn C"]
[Black "Taddei, Benoit"]
[Result "1-0"]
[WhiteElo "2485"]
[BlackElo "2314"]
[WhiteTeam "Montpellier"]
[BlackTeam "Metz Fischer"]

1. d4 Nf6 2. c4 e5 3. dxe5 Ng4 4. Nf3 Bc5 5. e3 Nc6 6. Nc3 O-O 7. Be2 Ncxe5 8.
Nxe5 Nxe5 9. O-O Re8 10. b3 a5 11. Bb2 Ra6 12. Qd5 Ba7 13. c5 Rh6 14. f4 Nc6
15. Nb5 Qe7 16. Nxa7 Qxe3+ 17. Rf2 Nxa7 18. Bc4 Re7 19. Bd4 Qe4 20. f5 c6 21.
Qxe4 Rxe4 22. Bc3 d5 23. Bd3 Re8 24. Re1 Rxe1+ 25. Bxe1 Kf8 26. a4 Bd7 27. g3
Nc8 28. Bxa5 f6 29. Kg2 Kf7 30. Bd2 Rh5 31. g4 Rg5 32. Bxg5 fxg5 33. b4 Ne7 34.
b5 Ng8 35. b6 Nf6 36. a5 Bc8 37. Ra2 1-0

[Event "Top16 Chalons"]
[Site "Chalons en Champagne"]
[Date "2009.05.2"]
[Round "6.8"]
[White "Leclair, Marie"]
[Black "Haussernot, Cecile"]
[Result "1-0"]
[WhiteElo "1987"]
[BlackElo "1924"]
[WhiteTeam "Metz Fischer"]
[BlackTeam "Montpellier"]

1. e4 c5 2. Nf3 d6 3. d4 cxd4 4. Nxd4 Nf6 5. Nc3 a6 6. Be2 e5 7. Nb3 Be6 8. O-O
Be7 9. Kh1 O-O 10. f4 Qc7 11. f5 Bc4 12. g4 Rd8 13. g5 Ne8 14. Bxc4 Qxc4 15.
Be3 b5 16. Qf3 Nd7 17. Nd5 Bf8 18. c3 a5 19. Nd2 Qd3 20. f6 g6 21. h4 h5 22.
gxh6 Kh7 23. h5 Ndxf6 24. Nxf6+ Nxf6 25. Qxf6 Bxh6 26. Qxf7+ Kh8 27. Qf6+ Bg7
28. Qg5 Rd7 29. hxg6 d5 30. Qh5+ Bh6 31. Qxh6+ Kg8 32. Rf7 Rxf7 33. gxf7+ Kxf7
34. Rf1+ Ke7 35. Qg7+ 1-0

[Event "Top16 Chalons"]
[Site "Chalons en Champagne"]
[Date "2009.05.2"]
[Round "6.2"]
[White "Nijboer, Friso"]
[Black "Tkachiev, Vladislav"]
[Result "1/2-1/2"]
[WhiteElo "2562"]
[BlackElo "2657"]
[WhiteTeam "Vandoeuvre"]
[BlackTeam "Cannes"]

1. e4 e5 2. Nf3 Nc6 3. Bb5 a6 4. Ba4 Nf6 5. O-O b5 6. Bb3 Bc5 7. a4 Rb8 8. c3
O-O 9. d4 Bb6 10. axb5 axb5 11. dxe5 Ng4 12. Bf4 Qe7 13. Na3 Ngxe5 14. Nxe5
Nxe5 15. Nxb5 d6 16. Nd4 Bxd4 17. cxd4 1/2-1/2

[Event "Top16 Chalons"]
[Site "Chalons en Champagne"]
[Date "2009.05.2"]
[Round "6.3"]
[White "Fontaine, Robert"]
[Black "Landa, Konstantin"]
[Result "1-0"]
[WhiteElo "2546"]
[BlackElo "2627"]
[WhiteTeam "Cannes"]
[BlackTeam "Vandoeuvre"]

1. e4 c6 2. d4 d5 3. Nc3 dxe4 4. Nxe4 Bf5 5. Ng3 Bg6 6. h4 h6 7. Nf3 Nd7 8. h5
Bh7 9. Bd3 Bxd3 10. Qxd3 e6 11. Bd2 Ngf6 12. O-O-O Be7 13. Rhe1 c5 14. Qe2 O-O
15. Nf5 cxd4 16. N3xd4 Bc5 17. Nxh6+ gxh6 18. Bxh6 Re8 19. g4 Nd5 20. g5 Qa5
21. g6 Qxa2 22. Nb3 Ba3 23. Rxd5 Qxb2+ 24. Kd1 Nf6 25. gxf7+ Kxf7 26. Qd3 Qb1+
27. Nc1 Rg8 28. Rd7+ Be7 29. Qd6 1-0

[Event "Top16 Chalons"]
[Site "Chalons en Champagne"]
[Date "2009.05.2"]
[Round "6.4"]
[White "Bauer, Christian"]
[Black "Kazhgaleyev, Murtas"]
[Result "1/2-1/2"]
[WhiteElo "2605"]
[BlackElo "2626"]
[WhiteTeam "Vandoeuvre"]
[BlackTeam "Cannes"]

1. e4 e5 2. Nf3 Nc6 3. Bc4 Bc5 4. c3 Nf6 5. d3 d6 6. Bb3 a6 7. Nbd2 h6 8. h3
Be6 9. Nf1 d5 10. Qe2 O-O 11. Ng3 Re8 12. Nh2 Bf8 13. Qf3 Na5 14. Bc2 dxe4 15.
dxe4 Nc4 16. Ng4 Nh7 17. Bd3 f6 18. Qe2 b5 19. O-O Ng5 20. Rd1 Nd6 21. a4 Bb3
22. Bxg5 Bxd1 23. Rxd1 fxg5 24. axb5 Kh8 25. bxa6 c6 26. Nf5 Qc7 27. Nxd6 Bxd6
28. b4 Red8 29. Bc4 Qe7 30. Rd3 Bc7 31. Rf3 Rf8 32. Rf5 g6 33. Rxf8+ Rxf8 34.
Nxh6 Qf6 35. g3 Bb6 36. Ng4 Qf3 37. Qxf3 Rxf3 38. Kf1 Rxc3 39. Nxe5 Bd4 40. a7
Bxa7 41. Nxc6 Rxc4 42. Nxa7 Rxb4 43. e5 Kg7 44. Nc6 Re4 45. e6 Rxe6 1/2-1/2

[Event "Top16 Chalons"]
[Site "Chalons en Champagne"]
[Date "2009.05.2"]
[Round "6.5"]
[White "Siebrecht, Sebastian"]
[Black "Nezar, Mustapha"]
[Result "1/2-1/2"]
[WhiteElo "2433"]
[BlackElo "2394"]
[WhiteTeam "Cannes"]
[BlackTeam "Vandoeuvre"]

1. d4 d5 2. Nf3 Nf6 3. c4 c6 4. e3 e6 5. Nbd2 Nbd7 6. Bd3 Bd6 7. O-O O-O 8. e4
e5 9. exd5 cxd5 10. cxd5 exd4 11. Nxd4 Nb6 12. Ne4 Nxe4 13. Bxe4 Bxh2+ 14. Kxh2
Qh4+ 15. Kg1 Qxe4 16. d6 1/2-1/2

[Event "Top16 Chalons"]
[Site "Chalons en Champagne"]
[Date "2009.05.2"]
[Round "6.6"]
[White "Brunner, Nicolas"]
[Black "Govciyan, Pavel"]
[Result "1/2-1/2"]
[WhiteElo "2398"]
[BlackElo "2412"]
[WhiteTeam "Vandoeuvre"]
[BlackTeam "Cannes"]

1. d4 Nf6 2. c4 c5 3. d5 b5 4. cxb5 a6 5. bxa6 g6 6. Nc3 Bxa6 7. Nf3 d6 8. g3
Bg7 9. Bg2 Nbd7 10. Rb1 O-O 11. O-O Ne8 12. Qc2 Nc7 13. Rd1 Nb5 14. Nxb5 Bxb5
15. b3 Qb6 16. a4 Ba6 17. e4 Rfb8 18. Bf4 Qb4 19. Bd2 Qa3 20. Bc1 Qb4 21. Bd2
Qa3 22. Bc1 1/2-1/2

[Event "Top16 Chalons"]
[Site "Chalons en Champagne"]
[Date "2009.05.2"]
[Round "6.7"]
[White "Leconte, Maria"]
[Black "Genzling, Alain"]
[Result "0-1"]
[WhiteElo "2334"]
[BlackElo "2317"]
[WhiteTeam "Cannes"]
[BlackTeam "Vandoeuvre"]

1. e4 c5 2. Nf3 Nc6 3. Bb5 g6 4. O-O Bg7 5. Re1 Nf6 6. e5 Nd5 7. Nc3 Nc7 8.
Bxc6 dxc6 9. Ne4 Ne6 10. d3 b6 11. Be3 h6 12. Ng3 Nd4 13. h4 Qd5 14. Bxd4 cxd4
15. Re4 c5 16. Qd2 Bb7 17. h5 Qe6 18. Re2 g5 19. Rae1 a5 20. a3 a4 21. Nh2 Qd5
22. f4 O-O-O 23. f5 e6 24. Ng4 Rhe8 25. f6 Bf8 26. Ne4 Kb8 27. Rb1 c4 28. dxc4
Qxc4 29. b3 Qb5 30. Ree1 d3 31. c4 Bc5+ 32. Kh1 Qc6 33. b4 Rd4 34. bxc5 Rxe4
35. Rxe4 Qxe4 36. Ne3 bxc5 37. Qb2 Qc6 38. Qd2 Rd8 39. Rb5 Rd4 40. Kg1 Rd7 41.
Nd1 Rd4 42. Ne3 Qc7 43. Rb1 Qxe5 44. Re1 Qxf6 45. Nd5 Qd8 46. Nc3 Rxc4 47. Nb5
Rc2 0-1

[Event "Top16 Chalons"]
[Site "Chalons en Champagne"]
[Date "2009.05.2"]
[Round "6.8"]
[White "Congiu, Mathilde"]
[Black "Levacic, Damir"]
[Result "0-1"]
[WhiteElo "2212"]
[BlackElo "2284"]
[WhiteTeam "Vandoeuvre"]
[BlackTeam "Cannes"]

1. e4 c5 2. c3 d6 3. d4 Nf6 4. Bd3 Nc6 5. Ne2 g6 6. Nd2 Bg7 7. h3 O-O 8. O-O
cxd4 9. cxd4 e5 10. d5 Nb4 11. Bb1 a5 12. Nc3 Bd7 13. Qe2 Rc8 14. Nc4 Qc7 15.
Na3 Nh5 16. Nab5 Qb8 17. Be3 Nf4 18. Qd1 b6 19. a3 Na6 20. g3 Nxh3+ 21. Kg2 h6
22. Rh1 Ng5 23. Qd2 Nc5 24. Bxg5 hxg5 25. Qxg5 Nb3 26. Qh4 Rfe8 27. Ra2 a4 28.
Bd3 Rc5 29. f4 Nd4 30. Nxd4 exd4 31. Ne2 Qd8 32. Qh7+ Kf8 33. Raa1 Bb5 34. Bxb5
Rxb5 35. Kf3 Rb3+ 36. Kf2 Rxe4 37. Rab1 Qf6 38. Qh3 Qf5 39. Qxf5 gxf5 40. Nc1
Rbe3 41. Rd1 Re8 42. Nd3 Re2+ 43. Kf1 R2e3 44. Kf2 Rc8 45. Rd2 Bf6 46. Rh1 Kg7
47. Rh5 Kg6 48. Rh1 b5 49. Rhd1 Bd8 50. Nb4 Bb6 51. Rd3 Rh8 52. Rxe3 dxe3+ 53.
Kf3 Rh2 54. Nd3 Bd4 55. Rf1 Rd2 56. Nc1 Rxb2 57. Ne2 Bc5 58. Rg1 Kf6 59. g4
fxg4+ 60. Rxg4 Bxa3 61. Kxe3 Bc5+ 62. Kd3 a3 63. Rg8 a2 64. Ra8 Rb3+ 65. Nc3
Ba3 66. Kd4 0-1

[Event "Top16 Chalons"]
[Site "Chalons en Champagne"]
[Date "2009.05.2"]
[Round "6.2"]
[White "Nyback, Tomi"]
[Black "Damljanovic, Branko"]
[Result "1-0"]
[WhiteElo "2655"]
[BlackElo "2573"]
[WhiteTeam "Chalons en Champagne"]
[BlackTeam "Antibes"]

1. d4 Nf6 2. c4 g6 3. Nc3 Bg7 4. e4 d6 5. Nf3 O-O 6. Be2 e5 7. O-O c6 8. d5 Na6
9. Be3 Ng4 10. Bg5 f6 11. Bh4 c5 12. Ne1 Nh6 13. Nd3 Qe7 14. g4 Bd7 15. a3 Rfc8
16. Kh1 Nf7 17. f3 b6 18. Rb1 Nc7 19. b4 Ne8 20. Qe1 cxb4 21. Nxb4 Nd8 22. Qd2
Kh8 23. Bg3 Nb7 24. Bd3 Na5 25. Qe2 Bh6 26. Nc2 Nc7 27. Nb4 Rf8 28. Bc2 Ne8 29.
Ba4 Bxa4 30. Nxa4 Qd7 31. Nb2 Ng7 32. N4d3 Rae8 33. Rbe1 f5 34. h4 Nb3 35. Qd1
Nd2 36. Rf2 fxe4 37. fxe4 Rxf2 38. Nxf2 Rf8 39. Kg2 Nf3 40. Rf1 Ne8 41. Nfd3
Qxg4 42. Rxf3 Qxe4 43. Nf2 Qxf3+ 44. Qxf3 Rxf3 45. Kxf3 Bc1 46. Nfd3 Bxb2 47.
Nxb2 Kg7 48. Na4 Kf7 49. Nc3 Ke7 50. Bf2 Kd7 51. Nb5 a6 52. Nc3 Kc7 53. Na4 b5
54. cxb5 axb5 55. Nc3 Kb7 56. Nxb5 Ka6 57. Nc3 Ng7 58. Kg4 h6 59. Be3 Nf5 60.
Bc1 h5+ 61. Kg5 Kb6 62. a4 Ka5 63. Ba3 e4 64. Nxe4 Kxa4 65. Bxd6 1-0

[Event "Top16 Chalons"]
[Site "Chalons en Champagne"]
[Date "2009.05.2"]
[Round "6.4"]
[White "Cossin, Sebastien"]
[Black "Miralles, Gilles"]
[Result "1-0"]
[WhiteElo "2471"]
[BlackElo "2477"]
[WhiteTeam "Chalons en Champagne"]
[BlackTeam "Antibes"]

1. d4 d5 2. c4 e6 3. Nc3 c5 4. cxd5 exd5 5. Nf3 Nc6 6. g3 Nf6 7. Bg2 Be7 8. O-O
O-O 9. Bg5 cxd4 10. Nxd4 Re8 11. Rc1 h6 12. Be3 Bf8 13. Qa4 Ne5 14. Qb3 Be6 15.
Rfd1 Qd7 16. Nxe6 fxe6 17. Bd4 Nc6 18. Bxf6 gxf6 19. Nxd5 Qf7 20. Nf4 Ne5 21.
Nxe6 Rxe6 22. Bd5 Rae8 23. Rc8 R8e7 24. f4 Ng4 25. h3 Ne3 26. Bxe6 Rxe6 27.
Rdd8 1-0

[Event "Top16 Chalons"]
[Site "Chalons en Champagne"]
[Date "2009.05.2"]
[Round "6.6"]
[White "Apicella, Manuel"]
[Black "Bijaoui, Manuel"]
[Result "1-0"]
[WhiteElo "2521"]
[BlackElo "2409"]
[WhiteTeam "Chalons en Champagne"]
[BlackTeam "Antibes"]

1. e4 c5 2. Nf3 d6 3. d4 cxd4 4. Nxd4 Nf6 5. Nc3 a6 6. Be2 e5 7. Nb3 Be7 8. O-O
O-O 9. Be3 Be6 10. Qd2 Nbd7 11. a4 Rc8 12. f3 Qc7 13. a5 Rfd8 14. Rfd1 Nc5 15.
Nxc5 dxc5 16. Qe1 Rxd1 17. Bxd1 c4 18. Na4 Nd7 19. Be2 Qd8 20. Kh1 Qf8 21. Bf1
Bb4 22. Bd2 Bxd2 23. Qxd2 c3 24. Nxc3 Qb4 25. Qc1 Nc5 26. Ra3 Rd8 27. Nd5 Bxd5
28. c3 Qxa3 29. bxa3 Be6 30. Kg1 h6 31. Qe3 Rc8 32. h4 Kf8 33. Kh2 Rc7 34. Qd2
Ke7 35. Qb2 Bb3 36. g3 f6 37. Bh3 Rc6 38. Bf5 Kd6 39. Bg6 Ke7 40. f4 Bc4 41.
Qb4 Bd3 42. h5 Bc2 43. fxe5 fxe5 44. c4 Bd3 45. Qb2 Kd6 46. Qf2 Ne6 47. Qd2 Nc5
48. Bf7 Ke7 49. Bd5 Rc7 50. Qf2 Kd6 51. Qf8+ Re7 52. Qd8+ 1-0

[Event "Top16 Chalons"]
[Site "Chalons en Champagne"]
[Date "2009.05.2"]
[Round "6.7"]
[White "Perez, Flavio"]
[Black "Belkhodja, Slim"]
[Result "1/2-1/2"]
[WhiteElo "2275"]
[BlackElo "2479"]
[WhiteTeam "Antibes"]
[BlackTeam "Chalons en Champagne"]

1. e4 c5 2. Nc3 Nc6 3. g3 g6 4. d3 Bg7 5. Be3 d6 6. Bg2 Rb8 7. Qd2 b5 8. Nge2
Nd4 9. O-O e6 10. Nc1 Ne7 11. Nd1 O-O 12. c3 Ndc6 13. Bh6 d5 14. Bxg7 Kxg7 15.
exd5 Nxd5 16. Ne3 Nde7 17. Nb3 Qd6 18. d4 cxd4 19. Rfd1 e5 20. cxd4 exd4 21.
Nxd4 Nxd4 22. Qxd4+ 1/2-1/2

[Event "Top16 Chalons"]
[Site "Chalons en Champagne"]
[Date "2009.05.2"]
[Round "6.8"]
[White "Cornette, Matthieu"]
[Black "Cochet, Caroline"]
[Result "1-0"]
[WhiteElo "2573"]
[BlackElo "2052"]
[WhiteTeam "Chalons en Champagne"]
[BlackTeam "Antibes"]

1. e4 c5 2. Nc3 Nc6 3. Bb5 g6 4. Bxc6 dxc6 5. d3 e5 6. Nge2 Bg7 7. O-O Ne7 8.
Be3 b6 9. Qd2 O-O 10. Bh6 Be6 11. Bxg7 Kxg7 12. f4 exf4 13. Nxf4 Qd6 14. Kh1 f6
15. Rf3 Rad8 16. Raf1 Bc8 17. Qf2 Rf7 18. Qg3 Kh8 19. h4 Qe5 20. Nd1 Rg8 21. b3
g5 22. Nh5 Qxg3 23. Rxg3 gxh4 24. Rxg8+ Nxg8 25. Ne3 h6 26. Rf4 Kh7 27. Nc4 Be6
28. Nd6 Rf8 29. Rxh4 Ne7 30. Ne8 f5 31. e5 Nd5 32. c4 Nb4 33. Nef6+ Kg6 34.
Nf4+ Kf7 35. Rxh6 1-0

[Event "Top16 Chalons"]
[Site "Chalons en Champagne"]
[Date "2009.05.2"]
[Round "6.1"]
[White "Colovic, Aleksandar"]
[Black "Vaisser, Anatoly"]
[Result "0-1"]
[WhiteElo "2443"]
[BlackElo "2513"]
[WhiteTeam "Grasse"]
[BlackTeam "Strasbourg"]

1. e4 e6 2. d4 d5 3. Nc3 Bb4 4. e5 Ne7 5. a3 Bxc3+ 6. bxc3 c5 7. a4 Qa5 8. Bd2
Nbc6 9. Nf3 Bd7 10. Bb5 Qc7 11. O-O O-O 12. Re1 f6 13. exf6 gxf6 14. Bh6 Rf7
15. Nh4 e5 16. Bxc6 Qxc6 17. Qh5 e4 18. c4 cxd4 19. cxd5 Qxd5 20. Qxd5 Nxd5 21.
Rxe4 Nc3 22. Ree1 Bxa4 23. Nf5 Rd7 24. Ra3 b5 25. Re7 Rxe7 26. Nxe7+ Kf7 27.
Nc6 b4 28. Nxb4 Rb8 29. Nd3 Rb1+ 30. Nc1 Ne2+ 31. Kf1 Nxc1 32. Rxa4 Na2+ 0-1

[Event "Top16 Chalons"]
[Site "Chalons en Champagne"]
[Date "2009.05.2"]
[Round "6.2"]
[White "Doettling, Fabian"]
[Black "Eliet, Nicolas"]
[Result "1-0"]
[WhiteElo "2564"]
[BlackElo "2429"]
[WhiteTeam "Strasbourg"]
[BlackTeam "Grasse"]

1. d4 Nf6 2. Nf3 d5 3. c4 c6 4. cxd5 cxd5 5. Nc3 a6 6. Bf4 e6 7. e3 Be7 8. Ne5
Nc6 9. Bd3 Nd7 10. Nf3 Nf6 11. h3 b5 12. O-O Bb7 13. Nd2 O-O 14. Nb3 Nd7 15.
Rc1 f5 16. Ne2 Rc8 17. Bh2 Qb6 18. Nf4 Nb4 19. Bb1 a5 20. Qd2 g5 21. Rxc8 Rxc8
22. Ne2 Nc6 23. g4 fxg4 24. hxg4 a4 25. Nbc1 Nf6 26. f3 Qa5 27. Qd1 Rf8 28. Nd3
b4 29. Ne5 Qa7 30. Qd2 Ba8 31. Rc1 Nxe5 32. Bxe5 Ne8 33. Bxh7+ Kxh7 34. Qd3+
Kh6 35. Kg2 1-0

[Event "Top16 Chalons"]
[Site "Chalons en Champagne"]
[Date "2009.05.2"]
[Round "6.3"]
[White "Shoker, Samy"]
[Black "Rozentalis, Eduardas"]
[Result "0-1"]
[WhiteElo "2404"]
[BlackElo "2595"]
[WhiteTeam "Grasse"]
[BlackTeam "Strasbourg"]

1. g3 d5 2. Bg2 e5 3. d3 Nf6 4. Nf3 Bd6 5. O-O h6 6. e4 dxe4 7. dxe4 O-O 8.
Nbd2 Be6 9. Qe2 Qd7 10. b3 Nc6 11. Bb2 Bg4 12. Nc4 Qe6 13. Ne3 Bh3 14. Nd5 Nh7
15. Rad1 Rae8 16. a3 Bxg2 17. Kxg2 f5 18. exf5 Rxf5 19. Ne3 Rf7 20. Qc4 e4 21.
Nd4 Nxd4 22. Bxd4 Qg6 23. Bc5 Ng5 24. Bxd6 cxd6 25. h4 Nf3 26. Rh1 Ne5 27. h5
Qf6 28. Qe2 Ref8 29. Rhf1 Qe6 30. Nc4 Nf3 31. Ne3 Ne5 32. Nc4 d5 33. Nxe5 Qxe5
34. Qd2 Rd7 35. Qd4 Qxh5 36. Qxa7 Qf3+ 37. Kg1 Rf5 38. Qe3 Qg4 39. f4 exf3 40.
Kf2 Rf8 41. Rh1 d4 42. Qd3 Re7 43. Qc4+ Rff7 0-1

[Event "Top16 Chalons"]
[Site "Chalons en Champagne"]
[Date "2009.05.2"]
[Round "6.4"]
[White "Roos, Daniel"]
[Black "Andonov, Bogomil"]
[Result "1-0"]
[WhiteElo "2425"]
[BlackElo "2321"]
[WhiteTeam "Strasbourg"]
[BlackTeam "Grasse"]

1. Nf3 d6 2. d4 Bg4 3. e4 e6 4. Bd3 c6 5. Nbd2 Nf6 6. c3 Bh5 7. Qe2 d5 8. e5
Nfd7 9. Nf1 c5 10. Ng3 Bg6 11. a3 Bxd3 12. Qxd3 cxd4 13. cxd4 Qa5+ 14. Bd2 Qa6
15. Qe3 Nc6 16. Ne2 Nb4 17. Bxb4 Bxb4+ 18. Kf1 Be7 19. g3 Rc8 20. Ne1 O-O 21.
Kg2 Nb6 22. b3 Na8 23. h4 Nc7 24. Nf4 Nb5 25. a4 Rc3 26. Qd2 Rxb3 27. Qd1 Ra3
28. Rxa3 Nxa3 29. Nh5 Kh8 30. Qg4 Rg8 31. Nf3 Qxa4 32. Ng5 Qe8 33. Qf3 Rf8 34.
Nf6 Bxf6 35. exf6 h6 36. Qd3 g6 37. Qxa3 Qd8 38. h5 Kg8 39. hxg6 Qxf6 40. Qxf8+
1-0

[Event "Top16 Chalons"]
[Site "Chalons en Champagne"]
[Date "2009.05.2"]
[Round "6.5"]
[White "Dobrev, Nanko"]
[Black "Varga, Peter"]
[Result "1/2-1/2"]
[WhiteElo "2366"]
[BlackElo "2446"]
[WhiteTeam "Grasse"]
[BlackTeam "Strasbourg"]

1. d4 d5 2. c4 c6 3. Nf3 Nf6 4. Nc3 dxc4 5. a4 Bf5 6. Ne5 Nbd7 7. Nxc4 Qc7 8.
g3 e5 9. dxe5 Nxe5 10. Bf4 Nfd7 11. Bg2 g5 12. Ne3 gxf4 13. Nxf5 O-O-O 14. O-O
fxg3 15. hxg3 Kb8 16. Qc2 h5 17. Rfc1 Ng4 18. a5 a6 19. b4 h4 20. Nxh4 Rxh4 21.
gxh4 Qh2+ 22. Kf1 Qf4 23. Bf3 Qh2 24. Bg2 Qf4 25. Bf3 Qh2 26. Bg2 Qf4 1/2-1/2

[Event "Top16 Chalons"]
[Site "Chalons en Champagne"]
[Date "2009.05.2"]
[Round "6.6"]
[White "Reinhart, Emmanuel"]
[Black "Karim, Ismael"]
[Result "1/2-1/2"]
[WhiteElo "2329"]
[BlackElo "2410"]
[WhiteTeam "Strasbourg"]
[BlackTeam "Grasse"]

1. e4 e5 2. Nf3 Nc6 3. Bb5 f5 4. d3 fxe4 5. dxe4 Nf6 6. Qe2 Bc5 7. Nc3 Nd4 8.
Nxd4 Bxd4 9. Bc4 d6 10. Nd5 c6 11. Nxf6+ Qxf6 12. c3 Bb6 13. Be3 Be6 14. Bxb6
axb6 15. O-O O-O 16. Rad1 b5 17. Bxe6+ Qxe6 18. a3 Rf6 19. Rd2 Raf8 20. Rfd1
Qf7 21. f3 Rd8 22. Qe3 Rd7 23. Qa7 Qe7 24. Qa5 Rh6 25. Qb4 Qh4 26. h3 Rg6 27.
Kh1 Qe7 28. a4 bxa4 29. Qxa4 Rf6 30. c4 Qe6 1/2-1/2

[Event "Top16 Chalons"]
[Site "Chalons en Champagne"]
[Date "2009.05.2"]
[Round "6.7"]
[White "Buffe, Fabrice"]
[Black "Roos, Louis"]
[Result "1/2-1/2"]
[WhiteElo "2158"]
[BlackElo "2350"]
[WhiteTeam "Grasse"]
[BlackTeam "Strasbourg"]

1. d4 g6 2. c4 f5 3. g3 Bg7 4. Bg2 Nf6 5. Nf3 O-O 6. O-O d6 7. Nc3 Qe8 8. b3 c6
9. Ba3 Na6 10. Rc1 Rb8 11. Ne1 b5 12. cxb5 cxb5 13. Nd5 b4 14. Bb2 Nxd5 15.
Bxd5+ e6 16. Bg2 Bb7 17. Qd3 Qd7 18. Bxb7 Qxb7 19. Qc4 Rfe8 20. Qc6 Nc5 21.
Qxb7 Rxb7 22. Rc2 Ne4 23. e3 e5 24. dxe5 Bxe5 25. Bxe5 Rxe5 26. Nd3 Rd5 27. Nf4
Rc5 28. Rxc5 dxc5 29. Rd1 Kf7 30. Kf1 Nc3 31. Rd2 g5 32. Ne2 Ne4 33. Rd1 Ke6
34. f3 Nd6 35. Rc1 Rb5 36. h3 h5 37. h4 gxh4 38. gxh4 Kf7 39. Nf4 a5 40. Rc2 c4
41. bxc4 Rc5 42. Nd3 Rc8 43. Kf2 Ke7 44. c5 Nb5 45. Kg3 Nc3 46. a3 Rg8+ 47. Kf4
Kf6 48. e4 fxe4 49. fxe4 Rg4+ 50. Kf3 Nxe4 51. axb4 axb4 52. c6 Nd6 53. Nf4 Ke7
54. Re2+ Kd8 55. Ne6+ Ke7 56. c7 Kd7 57. Rd2 Rc4 58. Nf4 Kxc7 59. Nxh5 Rxh4 60.
Nf4 Kc6 61. Rd4 1/2-1/2

[Event "Top16 Chalons"]
[Site "Chalons en Champagne"]
[Date "2009.05.2"]
[Round "6.8"]
[White "Nicoara, Malina"]
[Black "Forestier, Carole"]
[Result "1-0"]
[WhiteElo "2167"]
[BlackElo "2099"]
[WhiteTeam "Strasbourg"]
[BlackTeam "Grasse"]
1. d4 d5 2. c4 e6 3. Nc3 Nf6 4. cxd5 exd5 5. Bg5 Be7 6. e3 O-O 7. Bd3 Nbd7 8.
Qc2 Re8 9. Nge2 Nf8 10. O-O Be6 11. a3 Rc8 12. b4 Ng6 13. f3 b6 14. Ba6 Ra8 15.
Nb5 c5 16. Bxf6 gxf6 17. bxc5 bxc5 18. Nbc3 Qc7 19. Bd3 Red8 20. Qd2 Rab8 21.
f4 f5 22. dxc5 Bxc5 23. Nd4 Ne7 24. Nce2 Rb6 25. Rfc1 Rc8 26. h3 Qb7 27. Qa5
Bxd4 28. Rxc8+ Nxc8 29. Nxd4 Nd6 30. Rc1 Ne4 31. Bxe4 fxe4 32. f5 Bd7 33. Rf1
1-0

[Event "Top16 Chalons"]
[Site "Chalons en Champagne"]
[Date "2009.05.3"]
[Round "7.2"]
[White "Van Wely, Loek"]
[Black "Nyback, Tomi"]
[Result "1-0"]
[WhiteElo "2622"]
[BlackElo "2655"]
[WhiteTeam "Montpellier"]
[BlackTeam "Chalons en Champagne"]

1. c4 e5 2. Nc3 Nf6 3. Nf3 Nc6 4. g3 d5 5. cxd5 Nxd5 6. Bg2 Nb6 7. O-O Be7 8.
a3 O-O 9. b4 Be6 10. Rb1 f6 11. d3 Nd4 12. Nd2 c6 13. e3 Nb5 14. Nxb5 cxb5 15.
Nb3 Na4 16. Bb2 Bd5 17. Ba1 Bxg2 18. Kxg2 Rc8 19. Qf3 Qd7 20. d4 Nc3 21. Bxc3
Rxc3 22. Rfd1 exd4 23. Nxd4 f5 24. Ne2 Rd3 25. Nf4 Rxd1 26. Rxd1 Qc6 27. Qxc6
bxc6 28. Rd7 Re8 29. Rxa7 c5 30. Rb7 c4 31. Rxb5 Ra8 32. Nd5 Bf8 33. Ra5 Rc8
34. Nc3 g6 35. b5 Bg7 36. Na2 Rb8 37. a4 c3 38. Ra6 1-0

[Event "Top16 Chalons"]
[Site "Chalons en Champagne"]
[Date "2009.05.3"]
[Round "7.3"]
[White "Smirin, Ilia"]
[Black "Stellwagen, Daniel"]
[Result "1-0"]
[WhiteElo "2641"]
[BlackElo "2619"]
[WhiteTeam "Chalons en Champagne"]
[BlackTeam "Montpellier"]

1. e4 c6 2. d3 d5 3. Nd2 g6 4. g3 Bg7 5. Bg2 e5 6. Ngf3 Ne7 7. O-O O-O 8. Re1
Qc7 9. a4 h6 10. b4 Be6 11. Bb2 Nd7 12. d4 dxe4 13. Nxe4 f5 14. Nc5 Nxc5 15.
dxc5 Rad8 16. Qc1 e4 17. Bxg7 Kxg7 18. Qb2+ Kh7 19. Nd4 Qe5 20. c3 Bd5 21. b5
Rf7 22. Rad1 Ng8 23. bxc6 Rc8 24. Nb5 Rxc6 25. f4 Qe6 26. Nd4 Qe7 27. Nxc6 Bxc6
28. Qb4 Nf6 29. Bf1 g5 30. fxg5 hxg5 31. Bc4 f4 32. Bxf7 Qxf7 33. Qd4 e3 34.
gxf4 Qa2 35. Qd3+ Be4 36. Qe2 Qxe2 37. Rxe2 gxf4 38. Rd6 Kg6 39. Rg2+ Kf5 40.
Rg7 Ng4 41. Rf7+ Ke5 42. Re7+ Kf5 43. Rf7+ Ke5 44. Rd4 Nf2 45. h4 f3 46. h5
Nh3+ 47. Kf1 Ng5 48. Rg7 Ne6 49. Rxe4+ Kxe4 50. Re7 Ke5 1-0

[Event "Top16 Chalons"]
[Site "Chalons en Champagne"]
[Date "2009.05.3"]
[Round "7.4"]
[White "Libiszewski, Fabien"]
[Black "Cossin, Sebastien"]
[Result "1/2-1/2"]
[WhiteElo "2505"]
[BlackElo "2471"]
[WhiteTeam "Montpellier"]
[BlackTeam "Chalons en Champagne"]

1. e4 c5 2. Nf3 e6 3. d4 cxd4 4. Nxd4 a6 5. Be2 Nf6 6. Nc3 Qc7 7. O-O Nc6 8.
Kh1 Nxd4 9. Qxd4 Bc5 10. Qd3 h5 11. f4 Ng4 12. Bxg4 hxg4 13. Be3 b5 14. Rad1
Bxe3 15. Qxe3 Bb7 16. Qd4 Bc6 17. Rd3 Qa7 18. Qe5 f6 19. Qd6 Qb8 20. Qd4 b4 21.
Ne2 Qb7 22. Rfd1 O-O 23. Ng3 Rac8 24. Re1 a5 25. Rd2 Bb5 26. Rf2 d5 27. Qd1
dxe4 28. Nxe4 Rcd8 29. Nd6 Qd7 30. Rd2 f5 31. Nc4 Qc7 32. Nd6 Qd7 33. Nc4 Qc7
34. Nd6 Qd7 1/2-1/2

[Event "Top16 Chalons"]
[Site "Chalons en Champagne"]
[Date "2009.05.3"]
[Round "7.6"]
[White "Prie, Eric"]
[Black "Belkhodja, Slim"]
[Result "1-0"]
[WhiteElo "2504"]
[BlackElo "2479"]
[WhiteTeam "Montpellier"]
[BlackTeam "Chalons en Champagne"]

1. d4 Nf6 2. Nf3 g6 3. Bf4 Bg7 4. e3 O-O 5. Be2 d6 6. O-O Nfd7 7. h3 e5 8. Bh2
Nc6 9. c4 exd4 10. exd4 Re8 11. Nc3 Nf6 12. Qd2 Ne4 13. Nxe4 Rxe4 14. Bd3 Rxd4
15. Nxd4 Nxd4 16. Kh1 Be6 17. Rae1 Qd7 18. f4 c5 19. b3 a5 20. Bg1 Nf5 21. Bxf5
Bxf5 22. Rd1 Be4 23. Kh2 Bc6 24. Bxc5 a4 25. Bd4 1-0